| 000 | 00618 a2200145 4500 | ||
|---|---|---|---|
| 003 | Nust | ||
| 005 | 20170207154215.0 | ||
| 040 | _cNust | ||
| 082 | _a378.4 | ||
| 245 |
_aThe Alamgirian 2000-2001 _cMilitary college Jhelum |
||
| 260 |
_aJhelum _bMilitary college Jhelum _c2000-2001 |
||
| 300 | _a132 p. | ||
| 505 | _aFrom the Editors Desk (Page-8) Message by the Commandant (Page-9) The Faculty (Page-16) The Platinum Round-up 2000-2001 at a Stretch (Page-20) The Platinum Annual Day (Page-43) The Arena (Page-54) The Houses (Page-77) The Clubs (Page-90) Inking the Intellect (Page-98) | ||
| 538 | _aAlmirah No. 117 Shelf No. 2 | ||
| 942 |
_2ddc _cBK |
||
| 999 |
_c195069 _d195069 |
||